000 00230nam a2200097Ia 4500
008 170627s9999 xx 000 0 und d
100 _aASWATHAPPA-K.
245 0 _aESSENTIALS OF BUSINESS ENVIRONMENT
260 _bHIMALAYA
260 _c2010
546 _aENGLISH
999 _c35781
_d35781